000 00293nam a2200121Ia 4500
008 230724s2013 xx und d
020 _a9789350096857
041 _aeng
100 _aCHALLONER JACK
245 _a1001 INVENTIONS THAT CHANGED THE WORLD
260 _bNA
_c2013
300 _a960
999 _c1174923
_d1174923